Loading...
| Science - Other | 0 | 8 | 0 | 1 | 80 | 44 | 81.88 | 3 | 5 | 0.00 | 0.00 |
| Science - Biology | 0 | 6 | 0 | 1 | 60 | 78 | 92.33 | 0 | 1 | 0.00 | 0.00 |
| Mythology | 0 | 6 | 0 | 2 | 60 | 60 | 103.83 | 0 | 1 | 0.00 | 0.00 |
| Science - Physics | 0 | 6 | 1 | 1 | 55 | 48 | 68.83 | 3 | 6 | 0.00 | 0.00 |
| Social Science | 0 | 3 | 1 | 0 | 25 | 60 | 68.33 | 1 | 2 | 0.00 | 0.00 |
| Fine Arts - Classical Music | 0 | 2 | 0 | 0 | 20 | 117 | 121.00 | 0 | 0 | 0.00 | 0.00 |
| Geography | 0 | 2 | 0 | 0 | 20 | 94 | 108.50 | 0 | 0 | 0.00 | 0.00 |
| Religion | 0 | 2 | 1 | 1 | 15 | 94 | 101.50 | 0 | 0 | 0.00 | 0.00 |
| Literature - British | 0 | 1 | 0 | 1 | 10 | 133 | 133.00 | 0 | 0 | 0.00 | 0.00 |
| Literature - European | 0 | 1 | 0 | 0 | 10 | 116 | 116.00 | 0 | 0 | 0.00 | 0.00 |
| History - World | 0 | 1 | 0 | 0 | 10 | 49 | 49.00 | 0 | 1 | 0.00 | 0.00 |
| History - American | 0 | 1 | 0 | 0 | 10 | 97 | 97.00 | 0 | 0 | 0.00 | 0.00 |
| Fine Arts - Other | 0 | 1 | 0 | 0 | 10 | 68 | 68.00 | 1 | 1 | 0.00 | 0.00 |
| Science - Chemistry | 0 | 1 | 1 | 0 | 5 | 101 | 101.00 | 0 | 0 | 0.00 | 0.00 |
| Fine Arts - Painting and Sculpture | 0 | 1 | 1 | 0 | 5 | 120 | 120.00 | 0 | 0 | 0.00 | 0.00 |
| History - Other | 0 | 1 | 1 | 1 | 5 | 141 | 141.00 | 0 | 0 | 0.00 | 0.00 |
| History - European | 0 | 1 | 1 | 0 | 5 | 68 | 68.00 | 1 | 1 | 0.00 | 0.00 |
| Philosophy | 0 | 1 | 1 | 0 | 5 | 122 | 122.00 | 0 | 0 | 0.00 | 0.00 |
| Literature - American | 0 | 0 | 0 | 0 | 0 | 0.00 | 0 | 0 | 0.00 | 0.00 | |
| Literature - World | 0 | 0 | 1 | 0 | -5 | 0.00 | 0 | 0 | 0.00 | 0.00 |